Gaming Quiz

Random Gaming or Letter Quiz
Score 0/59 Timer 10:00
0 Plays Today
Type (Base Power) Move % Correct
Bug (60)Bug Bite
65.5%
Bug (90)Bug Buzz
61.3%
Dragon (-)Dragon Dance
58.9%
Bug (-)String Shot
51.8%
Flying (60)Aerial Ace
47.7%
Water (65)BubbleBeam
46.3%
Poison (-)PoisonPowder
45.3%
Flying (120)Brave Bird
42.5%
Bug (20)Leech Life
40.5%
Grass (-)Stun Spore
38.6%
Fire (150)Blast Burn
37.8%
Fighting (120)Close Combat
37%
Fire (65)Fire Fang
36.8%
Ghost (40)Shadow Sneak
33.3%
Fighting (75)Brick Break
29.6%
Fighting (100)Cross Chop
28.7%
Flying (-)Mirror Move
25.8%
Steel (100)Meteor Mash
24.8%
Steel (120)Doom Desire
22.7%
Normal (-)Breakneck Blitz
22.4%
Poison (-)Acid Armor
20.5%
Normal (210)Pulverizing Pancake
19.7%
Fairy (-)Twinkle Tackle
19.3%
Rock (-)Continental Crush
19.1%
Dragon (-)Devastating Drake
18.6%
Dark (180)Malicious Moonsault
18%
Fire (100)Fusion Flare
18%
Water (195)Oceanic Operetta
18%
Flying (-)Supersonic Skystrike
17.1%
Steel (-)Corkscrew Crash
16.4%
Type (Base Power) Move % Correct
Ground (95)High Horsepower
16.4%
Flying (100)Beak Blast
16.1%
Electric (80)Zing Zap
15.9%
Ice (-)Subzero Slammer
15.7%
Electric (175)Stoked Sparksurfer
15.2%
Normal (75)Crush Claw
14.3%
Ghost (80)Spirit Shackle
14.1%
Bug (90)Pollen Puff
14.1%
Steel (70)Smart Strike
13.7%
Rock (190)Splintered Stormshards
13.2%
Steel (100)Sunsteel Strike
13.2%
Fire (100)Searing Shot
13.2%
Steel (50)Gear Grind
13.2%
Fighting (90)Sacred Sword
12.9%
Fighting (85)Secret Sword
11.6%
Poison (-)Baneful Bunker
11.1%
Normal (-)Extreme Evoboost
10.9%
Psychic (-)Skill Swap
10.4%
Normal (-)Sweet Scent
9.8%
Dark (-)Topsy-Turvy
9.7%
Normal (-)Helping Hand
9.7%
Normal (60)SmellingSalt
9.6%
Normal (-)SmokeScreen
9.6%
Grass (-)Spiky Shield
8.6%
Grass (-)Strength Sap
8.6%
Poison (-)Toxic Thread
8.3%
Normal (-)Shell Smash
8.1%
Normal (-)Happy Hour
7.5%
Psychic (-)Speed Swap
7%

You're not logged in!

Compare scores with friends on all Sporcle quizzes.
OR
Log In

Sporcle TV

Today on Sporcle TV


Watch our educational content, quiz creation guides, and fun videos on Sporcle TV.

Show Comments

Extras

Top Quizzes Today


Score Distribution

Paid Content

Your Account Isn't Verified!

In order to create a playlist on Sporcle, you need to verify the email address you used during registration. Go to your Sporcle Settings to finish the process.

Report this User

Report this user for behavior that violates our Community Guidelines.

Details: